[Event "ZN-2016-0-03373"]
[Site "LSS email"]
[Date "2016.07.10"]
[Round "?"]
[White "Neuhausen, Rainer"]
[Black "Barna, Tamas Jr"]
[Result "1-0"]
[WhiteElo "1084"]
[BlackElo "519"]
[PlyCount "29"]
[EventDate "2016.07.04"]
[EventType "match (corr)"]
[EventRounds "2"]
[EventCountry "GER"]
[SourceTitle "Corr 2022"]
[Source "ChessBase"]
[SourceDate "2021.10.24"]
[SourceVersion "1"]
[SourceVersionDate "2021.10.24"]
[SourceQuality "1"]

1. e4 e5 2. Nf3 d6 3. Bc4 b6 4. d4 Be7 5. dxe5 dxe5 6. Qxd8+ Bxd8 7. Nxe5 Be6 8. Bxe6 fxe6 9. Nc3 c5 10. Bf4 Bf6 11. 0-0 Ne7 12. Nb5 0-0 13. Nc7 Nbc6 14. Nxc6 Ng6 15. Nxa8 1-0

[Event "RN-2011-0-00394"]
[Site "LSS email"]
[Date "2011.07.18"]
[Round "?"]
[White "Parente, Antonio Manuel Peix"]
[Black "Barna, Tamas Jr"]
[Result "0-1"]
[WhiteElo "537"]
[BlackElo "451"]
[PlyCount "51"]
[EventDate "2011.06.30"]
[EventType "tourn (corr)"]
[EventRounds "6"]
[EventCountry "GER"]
[SourceTitle "Telechess CBM 151"]
[Source "ChessBase"]
[SourceDate "2012.11.13"]
[SourceVersion "1"]
[SourceVersionDate "2012.11.13"]
[SourceQuality "1"]

1. e4 c5 2. Nf3 e6 3. c3 d6 4. d4 cxd4 5. cxd4 Be7 6. Be2 Nf6 7. Nc3 Bd7 8. 0-0 0-0 9. e5 Nd5 10. Nxd5 exd5 11. Qb3 b6 12. Qxd5 Bc6 13. Qb3 a5 14. Be3 dxe5 15. dxe5 Bd5 16. Qxb6 Qxb6 17. Bxb6 Nd7 18. Bd4 Rfb8 19. Rac1 Bxa2 20. Rc7 Rd8 21. Bb5 Be6 22. h3 Kf8 23. Bc6 Rac8 24. Rxc8 Rxc8 25. Bxd7 Bxd7 26. g4 0-1

[Event "OP-2011-0-01659"]
[Site "LSS email"]
[Date "2011.07.15"]
[Round "?"]
[White "Barna, Tamas Jr"]
[Black "Bester, Kazimierz"]
[Result "0-1"]
[WhiteElo "519"]
[BlackElo "769"]
[PlyCount "35"]
[EventDate "2011.07.11"]
[EventType "tourn (corr)"]
[EventRounds "4"]
[EventCountry "GER"]
[SourceTitle "Telechess CBM 151"]
[Source "ChessBase"]
[SourceDate "2012.11.13"]
[SourceVersion "1"]
[SourceVersionDate "2012.11.13"]
[SourceQuality "1"]

1. e4 d5 2. e5 Nc6 3. Nf3 Bg4 4. Be2 Bxf3 5. Bxf3 Nxe5 6. d4 Nxf3+ 7. Qxf3 Nf6 8. Bg5 Qd6 9. Bxf6 gxf6 10. Nc3 0-0-0 11. 0-0 Bg7 12. Rad1 e6 13. Nb5 Qb6 14. a4 a6 15. Qg3 Rhg8 16. Nc3 Qxb2 17. Rc1 Bh6 18. Qh4 0-1

[Event "OP-2011-0-01659"]
[Site "LSS email"]
[Date "2011.07.15"]
[Round "?"]
[White "Kolanek, Roman"]
[Black "Barna, Tamas Jr"]
[Result "1-0"]
[WhiteElo "2037"]
[BlackElo "519"]
[PlyCount "29"]
[EventDate "2011.07.11"]
[EventType "tourn (corr)"]
[EventRounds "4"]
[EventCountry "GER"]
[SourceTitle "Corr 2015"]
[Source "ChessBase"]
[SourceDate "2015.07.17"]
[SourceVersion "1"]
[SourceVersionDate "2015.07.17"]
[SourceQuality "1"]

1. d4 d5 2. c4 e6 3. Nc3 dxc4 4. e3 Bb4 5. Bd2 Bxc3 6. Bxc3 b5 7. a4 Qd5 8. axb5 Qxb5 9. Qg4 Ne7 10. Qxg7 Rg8 11. Qxh7 Bb7 12. Ra5 Qb3 13. Nf3 Nbc6 14. Nd2 Qb6 15. Nxc4 1-0

[Event "SN-2011-0-00362"]
[Site "LSS email"]
[Date "2011.07.15"]
[Round "?"]
[White "Venturas, Bob"]
[Black "Barna, Tamas Jr"]
[Result "1-0"]
[WhiteElo "716"]
[BlackElo "519"]
[PlyCount "35"]
[EventDate "2011.07.05"]
[EventType "tourn (corr)"]
[EventRounds "6"]
[EventCountry "GER"]
[SourceTitle "Telechess CBM 149"]
[Source "ChessBase"]
[SourceDate "2012.07.17"]
[SourceVersion "1"]
[SourceVersionDate "2012.07.17"]
[SourceQuality "1"]

1. e4 c5 2. Nf3 d6 3. h3 e5 4. Bc4 Be7 5. Nc3 Nf6 6. d3 0-0 7. Bd2 Nc6 8. a3 a6 9. 0-0 b5 10. Ba2 Be6 11. b3 Qc7 12. Nh2 Rfb8 13. f4 exf4 14. Bxf4 b4 15. Ne2 bxa3 16. Nf3 Nh5 17. Bh2 d5 18. Bxc7 1-0

[Event "SN-2011-0-00361"]
[Site "LSS email"]
[Date "2011.07.12"]
[Round "?"]
[White "Barna, Tamas Jr"]
[Black "Dixon, Grant"]
[Result "1-0"]
[WhiteElo "519"]
[BlackElo "503"]
[PlyCount "129"]
[EventDate "2011.07.01"]
[EventType "tourn (corr)"]
[EventRounds "6"]
[EventCountry "GER"]
[SourceTitle "Telechess CBM 157"]
[Source "ChessBase"]
[SourceDate "2013.11.12"]
[SourceVersion "1"]
[SourceVersionDate "2013.11.12"]
[SourceQuality "1"]

1. e4 d5 2. e5 Be6 3. Nf3 Nd7 4. g3 Bg4 5. Bg2 a5 6. 0-0 Bxf3 7. Bxf3 Nxe5 8. d4 Nxf3+ 9. Qxf3 Nf6 10. Bg5 Ra6 11. Bxf6 Rxf6 12. Qb3 Rb6 13. Qa4+ c6 14. Qxa5 Rxb2 15. Qxd8+ Kxd8 16. c3 f5 17. Rd1 e6 18. Nd2 Rb6 19. Re1 Rb2 20. Re2 g6 21. a4 b5 22. axb5 Rxb5 23. Rxe6 c5 24. Ra8+ Kd7 25. Rea6 Kc7 26. dxc5 Rxc5 27. R8a7+ Kb8 28. Nb3 Rxc3 29. Na5 Bc5 30. Nc6+ Kc8 31. Ne7+ Kd8 32. Ra8+ Kxe7 33. Rxh8 Bd6 34. Rxh7+ Ke6 35. Rh8 d4 36. Rd8 Kf6 37. Raxd6+ Kg5 38. Rxd4 Rf3 39. h4+ Kf6 40. Kg2 Rc3 41. g4 fxg4 42. Rxg4 Kf5 43. Ra4 Kf6 44. Ra5 Rc4 45. h5 gxh5 46. Rd6+ Ke7 47. Rh6 Rg4+ 48. Kf3 Kf7 49. Ra7+ Kg8 50. Rb6 Kh8 51. Rh6+ Kg8 52. Rxh5 Rg6 53. Rb5 Rg7 54. Rxg7+ Kxg7 55. Kg4 Kf6 56. f3 Kf7 57. f4 Kf6 58. f5 Kf7 59. Kg5 Kg7 60. Rb7+ Kf8 61. f6 Ke8 62. Kf5 Kf8 63. Ke6 Kg8 64. Rc7 Kf8 65. Rc8# 1-0

[Event "SN-2011-0-00361"]
[Site "LSS email"]
[Date "2011.07.12"]
[Round "?"]
[White "Bester, Kazimierz"]
[Black "Barna, Tamas Jr"]
[Result "1-0"]
[WhiteElo "706"]
[BlackElo "519"]
[PlyCount "23"]
[EventDate "2011.07.01"]
[EventType "tourn (corr)"]
[EventRounds "6"]
[EventCountry "GER"]
[SourceTitle "Corr 2015"]
[Source "ChessBase"]
[SourceDate "2015.07.17"]
[SourceVersion "1"]
[SourceVersionDate "2015.07.17"]
[SourceQuality "1"]

1. f4 e6 2. Nf3 d5 3. e3 Be7 4. Be2 Nf6 5. 0-0 0-0 6. d4 c5 7. c3 cxd4 8. Nxd4 Ne4 9. Bd3 Bc5 10. Bxe4 Bxd4 11. cxd4 Nc6 12. Bf3 1-0

[Event "LSS No Engine Cup 46 Preliminary 5"]
[Site "LSS email"]
[Date "2011.07.10"]
[Round "?"]
[White "Barna, Tamas Jr"]
[Black "Chester, Ian"]
[Result "0-1"]
[WhiteElo "519"]
[BlackElo "1303"]
[PlyCount "20"]
[EventDate "2011.07.11"]
[EventType "tourn (corr)"]
[EventRounds "6"]
[EventCountry "GER"]
[SourceTitle "Corr 2015"]
[Source "ChessBase"]
[SourceDate "2015.07.17"]
[SourceVersion "1"]
[SourceVersionDate "2015.07.17"]
[SourceQuality "1"]

1. e4 e6 2. d4 d5 3. e5 c5 4. c3 Nc6 5. Nf3 Qb6 6. b3 cxd4 7. cxd4 Bb4+ 8. Bd2 Nxd4 9. Nxd4 Qxd4 10. Bxb4 Qxe5+ 0-1

[Event "OP-2011-0-01648"]
[Site "LSS email"]
[Date "2011.07.09"]
[Round "?"]
[White "Barna, Tamas Jr"]
[Black "Lund, Jens Dahlen"]
[Result "0-1"]
[WhiteElo "519"]
[BlackElo "2105"]
[PlyCount "25"]
[EventDate "2011.07.05"]
[EventType "tourn (corr)"]
[EventRounds "4"]
[EventCountry "GER"]
[SourceTitle "Corr 2015"]
[Source "ChessBase"]
[SourceDate "2015.07.17"]
[SourceVersion "1"]
[SourceVersionDate "2015.07.17"]
[SourceQuality "1"]

1. e4 Nf6 2. d3 e5 3. Nf3 Nc6 4. g3 Bc5 5. Bg2 d6 6. 0-0 Be6 7. Nc3 a6 8. Bd2 0-0 9. Qe2 h6 10. Rfe1 Bg4 11. Nd5 Nxd5 12. exd5 Nd4 13. Qe4 0-1

[Event "OP-2011-0-01648"]
[Site "LSS email"]
[Date "2011.07.09"]
[Round "?"]
[White "Bester, Kazimierz"]
[Black "Barna, Tamas Jr"]
[Result "1-0"]
[WhiteElo "769"]
[BlackElo "519"]
[PlyCount "73"]
[EventDate "2011.07.05"]
[EventType "tourn (corr)"]
[EventRounds "4"]
[EventCountry "GER"]
[SourceTitle "Telechess CBM 151"]
[Source "ChessBase"]
[SourceDate "2012.11.13"]
[SourceVersion "1"]
[SourceVersionDate "2012.11.13"]
[SourceQuality "1"]

1. d4 d5 2. Nf3 e6 3. e3 Be7 4. Be2 Nf6 5. 0-0 0-0 6. Ne5 Qd6 7. f4 Nc6 8. Rf3 Ne4 9. Rh3 h6 10. Bh5 g6 11. Bf3 h5 12. Bxe4 dxe4 13. Rg3 Nxe5 14. fxe5 Qa6 15. Qxh5 Kg7 16. Qg4 Rh8 17. Qxe4 Qe2 18. Rf3 Rh4 19. Qd3 Qxd3 20. cxd3 Bd7 21. Bd2 Bc6 22. Rg3 Rah8 23. h3 g5 24. e4 g4 25. Rxg4+ Rxg4 26. hxg4 Rh4 27. g5 Kg6 28. Nc3 Bxg5 29. Bxg5 Kxg5 30. d5 Bd7 31. Rf1 Be8 32. Rf3 c6 33. d6 b5 34. b4 a6 35. a4 bxa4 36. Nxa4 Kh5 37. Nc5 1-0

[Event "OP-2011-0-01642"]
[Site "LSS email"]
[Date "2011.07.05"]
[Round "?"]
[White "Barna, Tamas Jr"]
[Black "Bester, Kazimierz"]
[Result "1/2-1/2"]
[WhiteElo "451"]
[BlackElo "598"]
[PlyCount "23"]
[EventDate "2011.07.03"]
[EventType "tourn (corr)"]
[EventRounds "4"]
[EventCountry "GER"]
[SourceTitle "Corr 2015"]
[Source "ChessBase"]
[SourceDate "2015.07.17"]
[SourceVersion "1"]
[SourceVersionDate "2015.07.17"]
[SourceQuality "1"]

1. e4 d5 2. e5 Nd7 3. d4 f6 4. exf6 Ngxf6 5. Nf3 e6 6. g3 c6 7. Bg2 Qa5+ 8. c3 Nb6 9. b4 Qb5 10. Bf1 Nc4 11. Na3 Qa6 12. Qd3 1/2-1/2

[Event "RN-2011-0-00391"]
[Site "LSS email"]
[Date "2011.07.04"]
[Round "?"]
[White "Wallerstorfer, Josef"]
[Black "Barna, Tamas Jr"]
[Result "1-0"]
[WhiteElo "908"]
[BlackElo "519"]
[PlyCount "41"]
[EventDate "2011.06.17"]
[EventType "tourn (corr)"]
[EventRounds "6"]
[EventCountry "GER"]
[SourceTitle "Telechess CBM 149"]
[Source "ChessBase"]
[SourceDate "2012.07.17"]
[SourceVersion "1"]
[SourceVersionDate "2012.07.17"]
[SourceQuality "1"]

1. e4 e5 2. Nf3 d6 3. Bc4 Be7 4. Nc3 Nf6 5. 0-0 0-0 6. h3 c6 7. d3 b5 8. Bb3 b4 9. Ne2 c5 10. Ng3 Nc6 11. a3 a5 12. c3 bxa3 13. Rxa3 d5 14. exd5 Nxd5 15. Re1 Bd6 16. Bxd5 Bb7 17. Qb3 Qb8 18. Ra1 Qa7 19. Ng5 a4 20. Qa2 Rfb8 21. Nxf7 1-0

[Event "RN-2011-0-00391"]
[Site "LSS email"]
[Date "2011.07.03"]
[Round "?"]
[White "Barna, Tamas Jr"]
[Black "Brough, Carl"]
[Result "0-1"]
[WhiteElo "519"]
[BlackElo "852"]
[PlyCount "44"]
[EventDate "2011.06.17"]
[EventType "tourn (corr)"]
[EventRounds "6"]
[EventCountry "GER"]
[SourceTitle "Telechess CBM 149"]
[Source "ChessBase"]
[SourceDate "2012.07.17"]
[SourceVersion "1"]
[SourceVersionDate "2012.07.17"]
[SourceQuality "1"]

1. e4 e5 2. Nf3 Nc6 3. Bc4 Nf6 4. Ng5 d5 5. exd5 Nxd5 6. Qf3 Be6 7. Nxe6 fxe6 8. Nc3 Nd4 9. Qe4 c6 10. Bxd5 cxd5 11. Qd3 Bc5 12. Nb5 e4 13. Qc3 Qb6 14. Nxd4 Bxd4 15. Qb3 Bxf2+ 16. Kf1 Bd4 17. Qxb6 axb6 18. c3 Be5 19. d4 exd3 20. Ke1 0-0 21. h4 Rf5 22. Rf1 Bg3+ 0-1

[Event "RN-2011-0-00391"]
[Site "LSS email"]
[Date "2011.07.03"]
[Round "?"]
[White "Dixon, Grant"]
[Black "Barna, Tamas Jr"]
[Result "1/2-1/2"]
[WhiteElo "423"]
[BlackElo "519"]
[PlyCount "54"]
[EventDate "2011.06.17"]
[EventType "tourn (corr)"]
[EventRounds "6"]
[EventCountry "GER"]
[SourceTitle "Telechess CBM 149"]
[Source "ChessBase"]
[SourceDate "2012.07.17"]
[SourceVersion "1"]
[SourceVersionDate "2012.07.17"]
[SourceQuality "1"]

1. d4 d5 2. Nc3 Nf6 3. Nf3 e6 4. e3 Bd6 5. Bb5+ c6 6. Ba4 b5 7. Bb3 b4 8. Nb1 0-0 9. c3 Ba6 10. Bd2 Ne4 11. Bc2 Nxd2 12. Nbxd2 bxc3 13. bxc3 c5 14. Nf1 Qa5 15. Bd3 Qxc3+ 16. Ke2 Bxd3+ 17. Qxd3 Qxd3+ 18. Kxd3 c4+ 19. Kc3 Nc6 20. Ng3 Rab8 21. h4 Bxg3 22. fxg3 Rb7 23. g4 Rfb8 24. Nd2 Rb2 25. Rhb1 Rxb1 26. Nxb1 g6 27. Nd2 a5 1/2-1/2

[Event "ZN-2011-0-01597"]
[Site "LSS email"]
[Date "2011.07.01"]
[Round "?"]
[White "Barna, Tamas Jr"]
[Black "Dixon, Grant"]
[Result "1-0"]
[WhiteElo "435"]
[BlackElo "405"]
[PlyCount "41"]
[EventDate "2011.06.27"]
[EventType "match (corr)"]
[EventRounds "2"]
[EventCountry "GER"]
[SourceTitle "Telechess CBM 145"]
[Source "Chessbase"]
[SourceDate "2011.11.11"]
[SourceVersion "1"]
[SourceVersionDate "2011.11.11"]
[SourceQuality "1"]

1. e4 d5 2. exd5 Qxd5 3. Nc3 Qe5+ 4. Be2 h5 5. d3 Qf6 6. Nd5 Qd6 7. c4 b5 8. Bd2 bxc4 9. dxc4 Bb7 10. Bf4 e5 11. Be3 c6 12. Nc3 Qg6 13. g3 c5 14. Qd2 Bxh1 15. Rd1 Be7 16. Bxc5 Nc6 17. Bxe7 Ngxe7 18. Qd7+ Kf8 19. Bf3 Rd8 20. Qxd8+ Nxd8 21. Rxd8# 1-0

[Event "ZN-2011-0-01594"]
[Site "LSS email"]
[Date "2011.06.30"]
[Round "?"]
[White "Barna, Tamas Jr"]
[Black "Klos, Gustav"]
[Result "1-0"]
[WhiteElo "435"]
[BlackElo "481"]
[PlyCount "75"]
[EventDate "2011.06.24"]
[EventType "match (corr)"]
[EventRounds "2"]
[EventCountry "GER"]
[SourceTitle "Telechess CBM 145"]
[Source "Chessbase"]
[SourceDate "2011.11.11"]
[SourceVersion "1"]
[SourceVersionDate "2011.11.11"]
[SourceQuality "1"]

1. e4 e5 2. Nf3 Nc6 3. d4 d5 4. exd5 Nxd4 5. Nxd4 exd4 6. Qxd4 c5 7. Qe4+ Be7 8. Bb5+ Bd7 9. Bxd7+ Qxd7 10. 0-0 Nf6 11. Qe5 0-0 12. Rd1 Ng4 13. Qe4 Bh4 14. Be3 Rae8 15. Qd3 Qd6 16. g3 Ne5 17. Qb5 Nf3+ 18. Kh1 a6 19. Bxc5 Be7 20. Bxd6 Bxd6 21. Qxb7 Be5 22. Nc3 Rb8 23. Qxa6 Rfe8 24. Rd3 Nd4 25. d6 Re6 26. d7 Rxa6 27. Nd5 Rd8 28. Re3 f6 29. f4 Bb8 30. Re8+ Kf7 31. Rxd8 Bc7 32. Rc8 Rd6 33. Rxc7 Kg6 34. Ne7+ Kf7 35. Re1 Ne6 36. Nc6 Nxc7 37. d8Q Rxd8 38. Nxd8+ 1-0

[Event "OP-2011-0-01624"]
[Site "LSS email"]
[Date "2011.06.27"]
[Round "?"]
[White "Vontina, Maria"]
[Black "Barna, Tamas Jr"]
[Result "1/2-1/2"]
[WhiteElo "738"]
[BlackElo "451"]
[PlyCount "93"]
[EventDate "2011.06.25"]
[EventType "tourn (corr)"]
[EventRounds "4"]
[EventCountry "GER"]
[SourceTitle "Telechess CBM 147"]
[Source "ChessBase"]
[SourceDate "2012.03.16"]
[SourceVersion "1"]
[SourceVersionDate "2012.03.16"]
[SourceQuality "1"]

1. e4 e5 2. Nf3 d6 3. d4 exd4 4. Nxd4 Be7 5. Be2 Nf6 6. Nc3 0-0 7. 0-0 c5 8. Nb3 Nc6 9. Bg5 Nxe4 10. Bxe7 Qxe7 11. Nxe4 Qxe4 12. Bf3 Qg6 13. c3 Ne5 14. Bd5 Nd3 15. Qd2 Qf5 16. Bf3 Ne5 17. Bd1 Qg6 18. Qf4 Bh3 19. Qg3 Qxg3 20. hxg3 Bg4 21. Bc2 Nc4 22. Rab1 Be6 23. Bd3 Rfe8 24. Rfd1 Rad8 25. Bxc4 Bxc4 26. Re1 Rxe1+ 27. Rxe1 Bxb3 28. axb3 Kf8 29. Kf1 Re8 30. Rd1 Rd8 31. f3 d5 32. Kf2 d4 33. cxd4 cxd4 34. Rd3 Ke7 35. f4 Rd5 36. Kf3 b5 37. Ke4 Ke6 38. Rxd4 Rxd4+ 39. Kxd4 Kd6 40. g4 f6 41. b4 g5 42. g3 gxf4 43. gxf4 h6 44. b3 a6 45. Ke4 Ke6 46. Kd4 Kd6 47. Ke4 1/2-1/2

[Event "RN-2011-0-00389"]
[Site "LSS email"]
[Date "2011.06.26"]
[Round "?"]
[White "Dixon, Grant"]
[Black "Barna, Tamas Jr"]
[Result "1-0"]
[WhiteElo "405"]
[BlackElo "435"]
[PlyCount "48"]
[EventDate "2011.06.09"]
[EventType "tourn (corr)"]
[EventRounds "6"]
[EventCountry "GER"]
[SourceTitle "Telechess CBM 145"]
[Source "Chessbase"]
[SourceDate "2011.11.11"]
[SourceVersion "1"]
[SourceVersionDate "2011.11.11"]
[SourceQuality "1"]

1. e3 e5 2. d4 e4 3. Nd2 d5 4. c4 Nf6 5. Qa4+ Bd7 6. Qc2 Nc6 7. cxd5 Nxd5 8. Qxe4+ Be6 9. Ngf3 Be7 10. b3 Qd7 11. Ne5 Nxe5 12. dxe5 0-0-0 13. Bc4 Nc3 14. Qf3 f6 15. Bb2 Nb5 16. Ne4 fxe5 17. a4 Nd6 18. Rd1 Rhf8 19. Qe2 Bg4 20. f3 Bf5 21. Nc5 Qc6 22. Ba3 Rfe8 23. 0-0 Nxc4 24. bxc4 Qxa4 1-0

[Event "RN-2011-0-00389"]
[Site "LSS email"]
[Date "2011.06.26"]
[Round "?"]
[White "Venturas, Bob"]
[Black "Barna, Tamas Jr"]
[Result "1-0"]
[WhiteElo "626"]
[BlackElo "435"]
[PlyCount "105"]
[EventDate "2011.06.09"]
[EventType "tourn (corr)"]
[EventRounds "6"]
[EventCountry "GER"]
[SourceTitle "Telechess CBM 145"]
[Source "Chessbase"]
[SourceDate "2011.11.11"]
[SourceVersion "1"]
[SourceVersionDate "2011.11.11"]
[SourceQuality "1"]

1. e4 e5 2. Nf3 d6 3. h3 Nf6 4. Nc3 Be7 5. Bc4 0-0 6. d4 exd4 7. Nxd4 Bd7 8. Be3 c5 9. Nf3 Bc6 10. Qd3 Nbd7 11. a3 Ne5 12. Nxe5 dxe5 13. Qe2 Bxe4 14. Rd1 Qb6 15. b4 a5 16. Na4 Qc7 17. f3 Bf5 18. b5 Rad8 19. b6 Rxd1+ 20. Qxd1 Qd7 21. 0-0 Qxd1 22. Rxd1 Bxc2 23. Rc1 Bxa4 24. Bf1 e4 25. Bxc5 Re8 26. Bxe7 Rxe7 27. fxe4 Rxe4 28. Rc7 Nd7 29. Rxb7 Nc5 30. Rc7 Na6 31. Ra7 Nc5 32. b7 Nxb7 33. Rxb7 Re3 34. Ra7 f5 35. Rxa5 Rxa3 36. Bc4+ Kf8 37. Bb5 Ra1+ 38. Kh2 g5 39. Bxa4 g4 40. Rxf5+ Kg7 41. Bd7 gxh3 42. Kxh3 Ra7 43. Bc6 Kg6 44. g4 Ra3+ 45. Kh4 Rc3 46. Be8+ Kg7 47. Rf7+ Kh8 48. Kh5 Rh3+ 49. Kg5 h6+ 50. Kg6 Kg8 51. Bd7 Rh2 52. Be6 Rh4 53. Rf6+ 1-0